000
00238nam a22000857a 4500
008
160629b xxu||||| |||| 00| 0 eng d
100
_9
1337
_a
Somerville, J., et al
245
_a
Social and Political Philosophy
260
_a
N.Y
_b
Anchor Books
_c
1963
999
_c
1099
_d
1099